Manual de genética : tomo 1 /
Guardado en:
| Autor Principal: | |
|---|---|
| Otros Autores: | , |
| Formato: | Libro |
| Publicado: |
Río Cuarto :
Universidad Nacional de Río Cuarto,
1998
|
| Materias: | |
| Etiquetas: |
Agregar Etiqueta
Sin Etiquetas, Sea el primero en etiquetar este registro!
|
| LEADER | 00894nam a22002055a 4500 | ||
|---|---|---|---|
| 001 | CEM.cems017744 | ||
| 005 | 20120312113828.0 | ||
| 008 | 130507s1998##################000#0#####d | ||
| 003 | CEMS | ||
| 020 | |a 9506653119 | ||
| 082 | 0 | 4 | |a 575.1 |
| 100 | 1 | |a Ferreira, Víctor | |
| 245 | 1 | 0 | |a Manual de genética : |b tomo 1 / |c Víctor Ferreira, Beatriz Szpiniak y Ezequiel Grassi |
| 260 | |a Río Cuarto : |b Universidad Nacional de Río Cuarto, |c 1998 | ||
| 300 | |a 252 p. | ||
| 505 | 0 | |a Bases físicas y químicas de la herencia -- Expresión y regulación genica -- Genética mendeliana, herencia de un solo gen -- Genética mendeliana, herencia de dos o más genes -- Genética del sexo -- Asociación y recombinación genética -- Genética cuantitativa | |
| 653 | |a Genética | ||
| 700 | 1 | |a Szpiniak, Beatriz | |
| 700 | 1 | |a Grassi, Ezequiel | |
| 859 | |a CEMS |b BIB. CEMS - Agricultura |h 575.1 |i F413 |p A0659.06 |t Ej.1 |v I |3 I | ||
